Silver and gold : courtly splendour from Augsburg.
| Main Author: | |
|---|---|
| Format: | Book |
| Published: |
Munich:
Prestel,
1995.
|
| Subjects: |
| LEADER | 00527cam a2200181 7i4500 | ||
|---|---|---|---|
| 001 | 0000004762 | ||
| 005 | 19991025090000.0 | ||
| 002 | ##000006297 | ||
| 020 | 0 | 0 | |a 3-7913-1456-4 |
| 090 | 0 | 0 | |a DE 749.0903 |b SEE |
| 100 | 1 | 0 | |a Seelig |
| 245 | 1 | 0 | |a Silver and gold : |b courtly splendour from Augsburg. |
| 260 | 0 | 0 | |a Munich: |b Prestel, |c 1995. |
| 300 | 0 | 0 | |a 128 p.. |
| 650 | 0 | 0 | |a Silverwork, Augsburg |
| 650 | 0 | 0 | |a Goldwork, Augsburg |
| 650 | 0 | 0 | |a Designs -- |x Household furnishings |
| 999 | |a 0000006507 |b Book |c Open shelf |e Business Information Centre | ||


